No Rhyme, No Reason Quiz Stats

 Plays Quiz Updated Sep 4, 2015

Support Sporcle.
Go Orange.
Score 0/30 Timer 04:00
1 Play Today
% Correct
H, P
86.3%
M, N
86.2%
M, P
86%
B, H
86%
D, L
85.5%
P, R
85.3%
Q, S
84.9%
D, M
84.1%
L, P
83.9%
D, Q
83.4%
S, W
83.1%
D, R
83.1%
M, Y
83%
C, P
82.6%
G, W
82.2%
% Correct
L, M
82%
F, H
81.7%
F, M
81.4%
C, T
81.1%
N, W
80.1%
B, V
77.7%
G, R
76.7%
C, F
75.9%
B, R
75.7%
C, R
75.5%
M, R
75.5%
G, P
74.9%
D, S
74.7%
C, V
73.4%
C, W
71.2%

From the Vault

NBA Top 10 Points in the Paint

by ggraniss

Sports 7m
If you find yourself in between these guys and the basket, it's best to just get out of the way.
Remove Ads.
Support Sporcle.
Get the best of Sporcle when you Go Orange. This ad-free experience offers more features, more stats, and more fun while also helping to support Sporcle. Thank you for becoming a member.

Show Comments

Extras

Top Quizzes Today


Score Distribution

Your Account Isn't Verified!

In order to create a playlist on Sporcle, you need to verify the email address you used during registration. Go to your Sporcle Settings to finish the process.

Report this User

Report this user for behavior that violates our Community Guidelines.

Details: